| 000 | 00497nam a22001577a 4500 | ||
|---|---|---|---|
| 008 | 230602b |||||||| |||| 00| 0 eng d | ||
| 040 |
_aNational Science Library _cNational Science Library |
||
| 080 |
_a616-001.11/.12 _bK9 |
||
| 100 | 1 |
_aFryer, D I _910797 |
|
| 245 |
_aSubatmospheric decompression: _bSickness in man |
||
| 260 |
_bThe Advisory Group for Aerospace Research and Development, _c1969 |
||
| 300 | _a343p. | ||
| 490 | _aAGAR dograph 125 | ||
| 650 | _aMonograph | ||
| 942 |
_2udc _cMON |
||
| 999 |
_c38847 _d38847 |
||